| 000 | 00971nam a22002537a 4500 | ||
|---|---|---|---|
| 005 | 20240530110505.0 | ||
| 008 | 150801s2013 jo o g b 000 0 ara d | ||
| 017 |
_a2102/6/2245 _2الاردن . دائرة المكتبات الوطنية |
||
| 020 | _a9789957761226 | ||
| 040 | _aEG-CaGPL | ||
| 082 | 0 | 4 |
_221 _a730\ _bأ ت |
| 100 | 0 | _aالاء على عبود الحاتمى . | |
| 245 | 1 | 0 |
_aتكنولوجيا التعبير في تشكيل ما بعد الحداثة / _cالاء على عبود الحاتمى . |
| 250 | _aط1 . | ||
| 260 |
_aعمان : _bدار الرضوان للنشر والتوزيع ، _c2012 . |
||
| 300 |
_a176: _bايض؛ _c24 سم . |
||
| 504 | _aيحتوي علي ارجعات ببلجروفايات | ||
| 650 | 0 | 4 | _aحركة الفلوكسس . |
| 650 | 0 | 4 | _aالفن الكرافيتسى . |
| 650 | 0 | 4 | _aالنحت . |
| 650 | 0 | 4 | _aالسوبريالية . |
| 942 |
_2ddc _cBK |
||
| 999 |
_c61544 _d61544 |
||